|
|
|
|
| LEADER |
01496nam a2200409 a 4500 |
| 001 |
nkc20092006456 |
| 003 |
CZ PrNK |
| 005 |
20100510104957.0 |
| 007 |
ta |
| 008 |
091015s2009 xr e d 000 0dcze |
| 015 |
|
|
|a cnb002006456
|
| 020 |
|
|
|a 978-80-242-2582-1
|q (váz.)
|
| 035 |
|
|
|a (OCoLC)505914307
|
| 040 |
|
|
|a ABA001
|b cze
|
| 072 |
|
7 |
|a 101
|x Filozofie
|2 Konspekt
|9 5
|
| 080 |
|
|
|a 101
|2 MRF
|
| 080 |
|
|
|a (038.072)
|2 MRF
|
| 245 |
0 |
0 |
|a Filosofický slovník /
|c [s použitím podkladů všeobecné encyklopedie Universum sestavila Alena Bakešová]
|
| 250 |
|
|
|a Vyd. 1.
|
| 260 |
|
|
|a V Praze :
|b Knižní klub,
|c 2009
|
| 300 |
|
|
|a 358 s. ;
|c 21 cm
|
| 490 |
1 |
|
|a Universum
|
| 650 |
0 |
7 |
|a filozofie
|7 ph114540
|2 czenas
|
| 650 |
0 |
9 |
|a philosophy
|2 eczenas
|
| 655 |
|
7 |
|a výkladové slovníky
|7 fd133855
|2 czenas
|
| 655 |
|
9 |
|a explanatory dictionaries
|2 eczenas
|
| 700 |
1 |
|
|a Bakešová, Alena,
|d 1957-
|7 jn20010309829
|4 com
|
| 787 |
0 |
|
|t Universum
|
| 830 |
|
0 |
|a Universum (Knižní klub)
|0 s
|
| 856 |
4 |
1 |
|u http://www.digitalniknihovna.cz/mzk/uuid/uuid:e2561a60-2ea6-11e4-8f64-005056827e52
|y Digitalizovaný dokument
|x NDK
|
| 910 |
2 |
|
|a BOA001
|b 2-1238.491
|
| 928 |
9 |
|
|a Euromedia Group - Knižní klub
|
| 990 |
|
|
|a BK
|
| 995 |
|
|
|a 01
|
| 991 |
|
|
|b 201003
|c NOV
|j 101 FIL
|
| 996 |
6 |
|
|b 2610411387
|c 2-1238.491
|l MZK
|r Sklad / do 1 hodiny
|n 9
|p p.v.
|w 001107909
|u 000010
|a 1
|e BOA001
|j MZK50
|s P
|
| 996 |
7 |
|
|b 2610423549
|c 2-1238.491
|l MZK
|r Sklad / do 1 hodiny
|n 38
|p kup
|w 001107909
|u 000020
|a 1
|e BOA001
|j MZK50
|s A
|